000 00685nam a2200253Ia 4500
003 OSt
005 20221006142818.0
006 a|||||r|||| 00| 0
007 ta
008 221006b |||||||| |||| 00| 0 eng d
020 _c635.25
024 _a7,225
037 _cTextual
040 _aEASL
_cEASL
_beng
041 _2eng
_aeng
082 _aY49:356.4295.N8, M7
100 _aGates Hill
_9648448
245 0 _aChinese working-class lives
_b Getting by in Taiwan
260 _aIthaca
_bCornell University Press
_c1987
300 _a256p.
_ccm.
490 _v CEL
942 _hY49:356.4295.N8, M7
_cTEXL
_2CC
999 _c1075311
_d1075311